000
00330nam a22001457a 4500
008
210311b ||||| |||| 00| 0 eng d
020
_a
qhu00420159
041
_a
eng
080
_a
33
082
_a
33
100
_a
59
101
_a
BIZ
245
_a
Software Methods for Business Reengineering
_c
Berztiss, A
942
_2
udc
_c
BK
999
_c
56459
_d
56459